Ministres de l'Economie et des Finances de la Ve République - Statistiques

Statistiques générales
  • Ce quiz a été pris 360 fois
    77 depuis la dernière actualisation
  • Le résultat moyen est 14 sur 37
Statistiques - réponses
Nom du Ministère Gouvernement(s) Dates de fonction Nom du ministre % Correct
Economie, Finances et souveraineté industrielle et numérique Philippe I et II, Castex, Borne, Attal 2017-2024 Bruno Le Maire
90%
Economie, Industrie et Numérique Valls II 2014-2016 Emmanuel Macron
71%
Finances et Affaires économiques Debré, Pompidou I et II 1962-1966 Valéry Giscard d'Estaing
59%
Economie et Finances Chaban-Delmas, Messmer I à III 1969-1974 Valéry Giscard d'Estaing
59%
Economie et Finances Bérégovoy 1992-1993 Michel Sapin
56%
Finances et Comptes publics Valls I et II 2014-2016 Michel Sapin
56%
Economie et Finances Valls II et Cazeneuve 2016-2017 Michel Sapin
56%
Economie, Finances et Industrie Raffarin III 2004 Nicolas Sarkozy
54%
Economie et Finances (tout en étant 1er ministre) Barre I et II 1976-1978 Raymond Barre
54%
Economie, Finances et souveraineté industrielle et numérique Bayrou 2024-2025 Eric Lombard
52%
Economie, Finances et Industrie Jospin 2000-2002 Laurent Fabius
52%
Economie, Finances et Privatisation Chirac II 1986-1988 Edouard Balladur
51%
Economie, redressement productif et Numérique Valls I 2014 Arnaud Montebourg
49%
Economie, Finances et Budget Fabius 1984-1986 Pierre Bérégovoy
48%
Economie, Finances et Budget Rocard I et II, Cresson 1988-1992 Pierre Bérégovoy
48%
Economie, Finances et Emploi Fillon II et III 2007-2011 Christine Lagarde
44%
Economie et Finances Barnier 2024 Antoine Armand
41%
Economie, Finances et Industrie Fillon III 2011-2012 François Baroin
41%
Economie, Finances et Industrie Jospin 1997-1999 Dominique Strauss-Kahn
40%
Economie et Finances Pompidou III et IV 1966-1968 Michel Debré
38%
Economie, Finances et Commerce extérieur Ayrault I et II 2012-2014 Pierre Moscovici
38%
Economie, Finances et souveraineté industrielle et numérique Lecornu I et II 2025- Roland Lescure
33%
Economie et Finances Mauroy I à III 1981-1984 Jacques Delors
32%
Economie, Finances et Industrie Villepin 2005-2007 Thierry Breton
29%
Economie, Finances et Emploi Fillon I 2007 Jean-Louis Borloo
27%
Economie et Finances Juppé I 1995 Alain Madelin
24%
Economie et Finances Pompidou IV 1968 Maurice Couve de Murville
22%
Finances et Affaires économiques Debré 1959-1960 Antoine Pinay
19%
Economie, Finances et Industrie Raffarin I et II 2002-2004 Francis Mer
19%
Economie, Finances et Industrie Jospin 1999-2000 Christian Sautter
14%
Economie et Finances Juppé I et II 1995-1997 Jean Arthuis
14%
Economie Balladur 1993-1995 Edmond Alphandéry
13%
Economie et Finances Chirac I 1974-1976 Jean-Pierre Fourcade
13%
Economie, Finances et Industrie Raffarin III 2004-2005 Hervé Gaymard
11%
Economie Barre III 1978-1981 René Monory
11%
Economie et Finances Couve de Murville 1968-1969 François-Xavier Ortoli
6%
Finances et Affaires économiques Debré 1960-1962 Wilfrid Baumgartner
3%
Aucun quiz correspondant
Distribution des résultats
% des personnes avec chaque résultat
Percentile par nombre de réponses
Votre historique - résultats
Vous n’avez pas pris ce quiz depuis la dernière actualisation